| 000 | 00764nam a22002057a 4500 | ||
|---|---|---|---|
| 008 | 090306t xxu||||| |||| 00| 0 eng d | ||
| 010 | _aENG-93103 | ||
| 020 | _c90.00 | ||
| 035 | _aEN-76636 | ||
| 037 | _bDBAD / PUB | ||
| 040 |
_adpl _bEnglish |
||
| 082 | _a519.72 | ||
| 100 | _aShajitha Banu, T. | ||
| 245 |
_aIntroduction of linear programming problem / _cby T. Shajitha Banu |
||
| 260 |
_aMadurai _bSri Hari Printers _c2008 |
||
| 270 |
_aSri Nagar, Iyyar Bangalow, _bMadurai _e625014 |
||
| 300 |
_aviii, 264p. _c19cm (pbk) |
||
| 942 |
_2ddc _cEN _mSHA _h519.72 |
||
| 999 |
_c24954 _d24954 |
||